000 01417nam a22002177a 4500
003 NALT
005 20260209095119.0
008 s2558 th tha d
040 _aNALT
041 _atha
050 _a
090 _aAD 290.1
_bส226ท 2558
110 2 _aสำนักงานเลขาธิการสภาผู้แทนราษฎร.
_bสำนักประชาสัมพันธ์.
_bกลุ่มงานผลิตเอกสาร
_914512
245 1 0 _aทำเนียบสมาชิกสภาปฏิรูปแห่งชาติ 2557 ได้รับแต่งตั้งเมื่อวันที่ 2 ตุลาคม พ.ศ. 2557 /
_cกลุ่มงานผลิตเอกสาร สำนักประชาสัมพันธ์ สำนักงานเลขาธิการสภาผู้แทนราษฎร.
260 _aกรุงเทพฯ :
_bสำนักการพิมพ์ สำนักงานเลขาธิการสภาผู้แทนราษฎร,
_c2558.
300 _a302 หน้า :
_bภาพประกอบ ;
_c21 ซม.
650 4 _aสมาชิกสภาปฏิรูปแห่งชาติ
_936481
_xทำเนียบนาม
850 _aNALT
856 4 0 _uhttps://hdl.handle.net/20.500.14156/413423
942 _cREF
_2local
999 _c74661
_d74661
998 _j104
_k นางสาวสายฝน ดีงาม